U.S. States With The Most National Parks - Statistics

General Stats
  • This quiz has been taken 59 times
  • The average score is 6 of 7
Answer Stats
# of Parks State % Correct
9 California
100%
4 Colorado
91%
5 Utah
91%
3 Arizona
90%
3 Florida
90%
8 Alaska
88%
3 Washington
83%
No matching quizzes found
Score Distribution
Percent of People with Each Score
Percentile by Number Answered
Your Score History
You have not taken this quiz